| 000 | 00370nam a2200133Ia 4500 | ||
|---|---|---|---|
| 008 | 220214s9999 xx 000 0 und d | ||
| 022 | _a0143-5698 | ||
| 245 | 0 | _aINTERNATIONAL TREE CROPS JOURNAL | |
| 260 |
_bA B Academic Publishers, England _aUK |
||
| 310 | _aQ | ||
| 500 | _aEnding Volume & Year: 9, 1998 | ||
| 500 | _aStarting Volume & Year: 1, 1980/81 | ||
| 942 | _cBJ | ||
| 999 |
_c15224 _d15224 |
||